000 00691nam a2200253Ia 4500
003 OSt
005 20220912151758.0
006 a|||||r|||| 00| 0
007 ta
008 220909b |||||||| |||| 00| 0 eng d
024 _a63528
037 _cTextual
040 _aCSL
_beng
_cCSL
041 _aeng
082 _aH3.44971, M3
100 _aGansser A
245 0 _aGeology of the bhutan himalaya
260 _aBasel
_bBirkhauser Verlag
_c1983
300 _a181p.
_ccm.
490 _aDenkschriften der schweizerischen naturforschenden gesellschaft band; 96
650 _aTectonics
942 _hH3.44971, M3
_cTEXL
_2CC
999 _c75173
_d75173